| 000 | 01306nam0a22003011 4500 | ||
|---|---|---|---|
| 001 | rc\618953 | ||
| 005 | 20031121164034.9 | ||
| 035 | _a(NLR Aleph) 005862004 | ||
| 090 |
_a5888602 _c5888602 |
||
| 100 | _a20031121d1986 u |0rusy50 ca | ||
| 101 | 0 | _arus | |
| 102 | _aRU | ||
| 105 | _aa ||||||||| | ||
| 200 | 1 |
_aПути-дороги _eСтихотворения и поэма _fНиколай Буканов _g[Худож. Г. Жирнов] |
|
| 210 |
_aТашкент _cИзд-во лит. и искусства _d1986 |
||
| 215 |
_a119, [1] с. _cил. _d17 |
||
| 327 | 1 | _aСодерж.: Слово о Родине; Циклы: Опаленная память; Воспринимаю жизнь, как чудо; Родная земля нам дает вдохновенье; Аджимушкай: Поэма | |
| 464 | 0 | _12001#$aСлово о Родине | |
| 464 | 0 | _12001#$aОпаленная память | |
| 464 | 0 | _12001#$aВоспринимаю жизнь, как чудо | |
| 464 | 0 | _12001#$aРодная земля нам дает вдохновенье | |
| 464 | 0 | _12001#$aАджимушкай | |
| 700 | 1 |
_aБуканов _bН. И. _gНиколай Иванович |
|
| 801 | 0 |
_aRU _bNLR _gpsbo |
|
| 801 | 1 |
_aRU _bELAR _2rusmarc |
|
| 852 |
_aNLR _j86-2/1452 |
||
| 942 | _cBOOK | ||
| 980 | _aNB | ||